Hỏi - Đáp về bộ luật tố tụng dân sự và các văn bản hướng dẫn thực hiện
v.v...
Đã lưu trong:
| Tác giả chính: | |
|---|---|
| Định dạng: | Sách |
| Năm xuất bản: |
H.
Chính trị Quốc gia
2005
|
| Chủ đề: | |
| Tags: |
Thêm thẻ
Không có thẻ, Hãy là người đầu tiên gắn thẻ bản ghi này!
|
| LEADER | 00680nam a2200181 4500 | ||
|---|---|---|---|
| 082 | |a 340.56 |b NG527NG | ||
| 100 | |a Nguyễn Ngọc Dũng | ||
| 245 | |a Hỏi - Đáp về bộ luật tố tụng dân sự và các văn bản hướng dẫn thực hiện |c Nguyễn Ngọc Dũng | ||
| 260 | |a H. |b Chính trị Quốc gia |c 2005 | ||
| 300 | |a 679 tr. |c 21 cm | ||
| 520 | |a v.v... | ||
| 653 | |a Pháp luật | ||
| 653 | |a Việt Nam | ||
| 653 | |a bộ luật | ||
| 653 | |a luật tố tụng dân sự | ||
| 942 | |2 ddc |c SH | ||
| 999 | |c 9561 |d 9561 | ||
| 952 | |0 0 |1 0 |2 ddc |4 0 |6 340_560000000000000_NG527NG |7 0 |8 300 |9 76199 |a qbu |b qbu |c D2 |d 2015-05-25 |g 84000 |o 340.56 NG527NG |p 9641.c1 |r 0000-00-00 |w 2015-05-25 |y SH | ||